The Story of Christian Theology (Record no. 14972)

MARC details
000 -LEADER
fixed length control field 00624nam a2200241 a 4500
020 ## - INTERNATIONAL STANDARD BOOK NUMBER
ISBN 817362X
082 00 - DEWEY DECIMAL CLASSIFICATION NUMBER
Classification number 230
Author Cutter OLS
100 ## - MAIN ENTRY--AUTHOR NAME
Author name Olson, E Roger
245 ## - TITLE STATEMENT
Title The Story of Christian Theology
Sub title Twenty Centuries of Tradition & Reform
260 ## - PUBLICATION, DISTRIBUTION, ETC. (IMPRINT)
Place of publication Sec-Bad
Name of publisher Authentic Books
Year of publication 2004
300 ## - PHYSICAL DESCRIPTION
Number of Pages 652p
500 ## - GENERAL NOTE
General note includes index and biblioraphy
505 2# - FORMATTED CONTENTS NOTE
Formatted contents note Indices
650 ## - SUBJECT ADDED ENTRY--TOPICAL TERM
Topical Term Theology
942 ## - ADDED ENTRY ELEMENTS (KOHA)
Koha item type Books
700 1# -
-- Olson, E Roger
Holdings
Collection code Home library Current library Date acquired Cost, normal purchase price Full call number Accession Number Koha item type
  Henry Martyn Institute Library Henry Martyn Institute Library 04/13/2010 349.00 230 OLS 023271 Books
                   Copyright © 2026 | Henry Martyn Institute | Hyderabad | TS-500052 | INDIA | Implemented by hmi.edu.in
Hit-Count:

Powered by Koha